[Event "Martisor Cup op"]
[Site "Bucharest"]
[Date "2002.03.04"]
[Round "6"]
[White "Popa, Claudio"]
[Black "Vlad, Decebal"]
[Result "0-1"]
[WhiteElo "2068"]
[BlackElo "2322"]
[PlyCount "64"]
[EventDate "2002.03.01"]
[EventType "swiss"]
[EventRounds "9"]
[EventCountry "ROU"]
[SourceTitle "CBM 087 Extra"]
[Source "ChessBase"]
[SourceDate "2002.05.03"]
[SourceVersion "2"]
[SourceVersionDate "2002.08.09"]
[SourceQuality "1"]

1. e4 e5 2. Nf3 d6 3. Bc4 Nc6 4. c3 Be6 5. Bxe6 fxe6 6. d4 exd4 7. cxd4 Nf6 8. Nc3 Be7 9. 0-0 Qd7 10. e5 Nd5 11. Nxd5 exd5 12. Re1 dxe5 13. dxe5 0-0 14. Ng5 Bxg5 15. Bxg5 Rae8 16. Qb3 Nxe5 17. Qxb7 Kh8 18. Rad1 Qg4 19. Be3 Nf3+ 20. Kf1 Nxh2+ 21. Kg1 Nf3+ 22. Kf1 Nxe1 23. Rxe1 d4 24. f3 dxe3 25. Qxc7 Rxf3+ 26. Kg1 Rf2 27. Qc6 Ref8 28. Rxe3 Rf1+ 29. Kh2 Qf4+ 30. Rg3 Rh1+ 31. Kxh1 Qxg3 32. Qc1 Re8 0-1

[Event "Martisor Cup op"]
[Site "Bucharest"]
[Date "2002.03.03"]
[Round "5"]
[White "Vlad, Decebal"]
[Black "Rudareanu Ioan, Adrian"]
[Result "0-1"]
[WhiteElo "2322"]
[BlackElo "2155"]
[PlyCount "114"]
[EventDate "2002.03.01"]
[EventType "swiss"]
[EventRounds "9"]
[EventCountry "ROU"]
[SourceTitle "CBM 087 Extra"]
[Source "ChessBase"]
[SourceDate "2002.05.03"]
[SourceVersion "2"]
[SourceVersionDate "2002.08.09"]
[SourceQuality "1"]

1. e4 c5 2. Nc3 d6 3. Bc4 a6 4. a4 Nf6 5. d3 Nc6 6. f4 g6 7. Nf3 Bg4 8. 0-0 Bg7 9. h3 Bxf3 10. Qxf3 0-0 11. Ne2 e6 12. Kh1 Kh8 13. Qf2 Qe7 14. Ng1 d5 15. exd5 exd5 16. Ba2 Rae8 17. Nf3 Qd6 18. Bd2 Nh5 19. g3 Re2 20. Qg1 Nd4 21. Bc3 Nxf3 22. Bxg7+ Kxg7 23. Rxf3 d4 24. g4 Qc6 25. Raf1 Nxf4 26. Qg3 g5 27. h4 h6 28. Bb3 Rfe8 29. Kg1 R8e3 30. R1f2 Rxf3 31. Qxf3 Qxf3 32. Rxf3 Rg2+ 33. Kf1 Rxg4 34. hxg5 hxg5 35. a5 Rh4 36. Ba4 Rh6 37. Bd7 b6 38. axb6 Rxb6 39. b3 Rh6 40. Kg1 a5 41. Rf1 Rd6 42. Bc8 Kg6 43. Ra1 Rc6 44. Bb7 Rb6 45. Bc8 Rc6 46. Bd7 Rc7 47. Bb5 Re7 48. Rxa5 Re1+ 49. Kf2 Re2+ 50. Kf3 Rxc2 51. Bc4 Rc3 52. Ra6+ f6 53. Ke4 Rc1 54. Bb5 Re1+ 55. Kf3 Re3+ 56. Kg4 Nxd3 57. Bd7 Nf2# 0-1

[Event "Martisor Cup op"]
[Site "Bucharest"]
[Date "2002.03.02"]
[Round "2"]
[White "Marin, Irina Luiza"]
[Black "Vlad, Decebal"]
[Result "1-0"]
[WhiteElo "2261"]
[BlackElo "2322"]
[PlyCount "81"]
[EventDate "2002.03.01"]
[EventType "swiss"]
[EventRounds "9"]
[EventCountry "ROU"]
[SourceTitle "CBM 087 Extra"]
[Source "ChessBase"]
[SourceDate "2002.05.03"]
[SourceVersion "2"]
[SourceVersionDate "2002.08.09"]
[SourceQuality "1"]

1. g3 e5 2. Bg2 Nc6 3. c4 Bc5 4. Nc3 d6 5. e3 f5 6. d3 Nf6 7. Nge2 0-0 8. 0-0 Qe8 9. Nd5 Nxd5 10. cxd5 Ne7 11. d4 Bb6 12. dxe5 dxe5 13. d6 cxd6 14. Qxd6 e4 15. b3 Bd7 16. Ba3 Nc6 17. Qxf8+ Qxf8 18. Bxf8 Kxf8 19. Rfd1 Ne5 20. Rd5 Re8 21. Nd4 g6 22. a4 a6 23. Rd1 Re7 24. Bf1 Be8 25. Rd6 Ba7 26. Ne6+ Kf7 27. Nd8+ Kg7 28. Re6 Rxe6 29. Nxe6+ Kf6 30. Nd8 b5 31. axb5 Nf3+ 32. Kg2 axb5 33. Be2 g5 34. Nc6 Bc5 35. Bxb5 Bh5 36. Rd5 Bb6 37. Rd6+ Kg7 38. Ne7 Ne1+ 39. Kf1 Ba5 40. Nxf5+ Kf8 41. Rf6+ 1-0

[Event "ROM-chT"]
[Site "Calarasi"]
[Date "1995.??.??"]
[Round "?"]
[White "Marin, Mihail"]
[Black "Vlad, Decebal"]
[Result "1-0"]
[WhiteElo "2540"]
[BlackElo "2335"]
[PlyCount "63"]
[EventDate "1995.??.??"]
[EventType "team"]
[EventRounds "9"]
[EventCountry "ROU"]
[SourceTitle "EXT 1999"]
[Source "ChessBase"]
[SourceDate "1998.11.16"]
[SourceVersion "1"]
[SourceVersionDate "1998.11.16"]
[SourceQuality "1"]

1. d4 Nf6 2. Nf3 g6 3. g3 Bg7 4. Bg2 0-0 5. 0-0 d5 6. c4 dxc4 7. Na3 c3 8. bxc3 c5 9. e3 Nc6 10. Qe2 Nd5 11. Bb2 Qa5 12. Rfc1 Bg4 13. h3 Bxf3 14. Bxf3 Nb6 15. Nc4 Qa4 16. Nd2 c4 17. Ne4 Nd7 18. Qc2 Qa6 19. a4 Na5 20. Nd2 e5 21. Ba3 Rfc8 22. Qb2 exd4 23. cxd4 Nc5 24. Bxc5 Rxc5 25. Rc3 Rf5 26. Bg4 Rg5 27. Be2 Qd6 28. Ne4 Qe7 29. Nxg5 Qxg5 30. Bxc4 Nxc4 31. Rxc4 Re8 32. Qb5 1-0

[Event "ROM-chT"]
[Site "Calarasi"]
[Date "1995.??.??"]
[Round "?"]
[White "Vlad, Decebal"]
[Black "Ciolac, Gheorghe"]
[Result "1/2-1/2"]
[WhiteElo "2335"]
[BlackElo "2400"]
[PlyCount "39"]
[EventDate "1995.??.??"]
[EventType "team"]
[EventRounds "9"]
[EventCountry "ROU"]
[SourceTitle "EXT 1999"]
[Source "ChessBase"]
[SourceDate "1998.11.16"]
[SourceVersion "1"]
[SourceVersionDate "1998.11.16"]
[SourceQuality "1"]

1. e4 e5 2. Nf3 Nc6 3. Bc4 Nf6 4. d3 Be7 5. 0-0 0-0 6. Bb3 d6 7. c3 Na5 8. Bc2 c5 9. h3 Nc6 10. a3 Qc7 11. b4 a6 12. Re1 b5 13. d4 cxd4 14. cxd4 exd4 15. Bb2 Be6 16. Nbd2 Rac8 17. Bb3 d5 18. Ng5 Kh8 19. Nxe6 fxe6 20. exd5 1/2-1/2

[Event "ROM-chT"]
[Site "Calarasi"]
[Date "1995.??.??"]
[Round "?"]
[White "Vlad, Decebal"]
[Black "Grunberg, Mihai Lucian"]
[Result "1/2-1/2"]
[WhiteElo "2335"]
[BlackElo "2380"]
[PlyCount "91"]
[EventDate "1995.??.??"]
[EventType "team"]
[EventRounds "9"]
[EventCountry "ROU"]
[SourceTitle "EXT 1999"]
[Source "ChessBase"]
[SourceDate "1998.11.16"]
[SourceVersion "1"]
[SourceVersionDate "1998.11.16"]
[SourceQuality "1"]

1. e4 Nf6 2. e5 Nd5 3. d4 d6 4. Nf3 c6 5. c4 Nc7 6. h3 dxe5 7. Nxe5 g6 8. Nc3 Bg7 9. Nf3 0-0 10. Be2 Nd7 11. Bf4 c5 12. d5 e5 13. Bg5 f6 14. Be3 Ne8 15. d6 Rf7 16. Ne4 b6 17. Qd5 Rb8 18. Nfg5 fxg5 19. Nxg5 Qf6 20. Bg4 Nf8 21. Rd1 Bxg4 22. hxg4 Rd8 23. Nxf7 Qxf7 24. Qxf7+ Kxf7 25. d7 Rxd7 26. Rxd7+ Nxd7 27. Rxh7 Nf8 28. Rh3 Ne6 29. Bh6 Nf4 30. Bxg7 Nxh3 31. Bxe5 Ng5 32. Ke2 Ne6 33. f4 Nd8 34. Kd3 Nc6 35. Ke4 Nf6+ 36. Bxf6 Kxf6 37. a3 Ne7 38. g5+ Ke6 39. g4 a6 40. b4 cxb4 41. axb4 Nc6 42. f5+ Ke7 43. b5 axb5 44. cxb5 Na7 45. Kd5 Nxb5 46. Kc6 1/2-1/2

[Event "Bucharest schev"]
[Site "Bucharest"]
[Date "1993.??.??"]
[Round "?"]
[White "Florescu, Codrut Constantin"]
[Black "Vlad, Decebal"]
[Result "1/2-1/2"]
[WhiteElo "2280"]
[BlackElo "2405"]
[PlyCount "30"]
[EventDate "1993.??.??"]
[EventType "schev"]
[EventRounds "11"]
[EventCountry "ROU"]
[SourceTitle "EXT 1997"]
[Source "ChessBase"]
[SourceDate "1996.11.15"]
[SourceVersion "1"]
[SourceVersionDate "1996.11.15"]
[SourceQuality "1"]

1. e4 c5 2. Nf3 Nc6 3. Nc3 e5 4. Bc4 d6 5. h3 Be7 6. d3 Nf6 7. Nh2 Be6 8. Ng4 Nd7 9. Ne3 0-0 10. 0-0 Bg5 11. Nb5 Nf6 12. Nd5 Bxc1 13. Nxf6+ Qxf6 14. Rxc1 Qd8 15. Nc3 Qd7 1/2-1/2

[Event "Drobeta"]
[Site "Drobeta"]
[Date "1993.??.??"]
[Round "?"]
[White "Itkis, Boris"]
[Black "Vlad, Decebal"]
[Result "1-0"]
[WhiteElo "2435"]
[BlackElo "2405"]
[PlyCount "117"]
[EventDate "1993.??.??"]
[EventType "tourn"]
[EventRounds "11"]
[EventCountry "ROU"]
[EventCategory "4"]
[SourceTitle "EXT 1997"]
[Source "ChessBase"]
[SourceDate "1996.11.15"]
[SourceVersion "1"]
[SourceVersionDate "1996.11.15"]
[SourceQuality "1"]

1. d4 Nf6 2. Nf3 g6 3. Bg5 Bg7 4. Nbd2 d5 5. c3 0-0 6. e3 Nbd7 7. h3 Re8 8. Bf4 Ne4 9. Nxe4 dxe4 10. Ng5 Nf6 11. Bc4 Nd5 12. Nxe4 Nxf4 13. exf4 e6 14. 0-0 c6 15. a4 a5 16. Re1 b6 17. Ng5 Bb7 18. Qg4 Qf6 19. Re3 h6 20. Nf3 c5 21. dxc5 bxc5 22. Ne5 Kh7 23. h4 h5 24. Qg5 Qe7 25. Qxe7 Rxe7 26. Rd1 Rc7 27. Red3 Be4 28. Rd7 Raa7 29. Rxc7 Rxc7 30. Rd6 Bf8 31. Rd2 Kg7 32. f3 Bb7 33. Bb5 Bd5 34. c4 Bb7 35. Kf2 Be7 36. g3 Kf8 37. Ke3 Ba8 38. Nd3 Kg7 39. Nc1 Kf8 40. Nb3 Ra7 41. Ke2 Kg7 42. Rd7 Rxd7 43. Bxd7 Bf6 44. Nxa5 Bxb2 45. Nb3 Ba3 46. a5 Bb7 47. Bb5 Bb4 48. a6 Bc8 49. Nc1 Ba5 50. Nd3 Bb6 51. Ne5 Kf8 52. Nd7+ Bxd7 53. Bxd7 Ke7 54. Bb5 Kf6 55. Kd3 e5 56. fxe5+ Kxe5 57. Be8 Kf6 58. Ke4 Ba7 59. Bxf7 1-0

[Event "Bucharest GM"]
[Site "Bucharest"]
[Date "1993.??.??"]
[Round "?"]
[White "Marin, Mihail"]
[Black "Vlad, Decebal"]
[Result "1-0"]
[WhiteElo "2515"]
[BlackElo "2405"]
[PlyCount "71"]
[EventDate "1993.??.??"]
[EventType "tourn"]
[EventRounds "13"]
[EventCountry "ROU"]
[EventCategory "8"]
[SourceTitle "EXT 2004"]
[Source "ChessBase"]
[SourceDate "2003.11.25"]
[SourceVersion "1"]
[SourceVersionDate "2003.11.25"]
[SourceQuality "1"]

1. d4 d5 2. c4 c6 3. Nc3 e5 4. dxe5 d4 5. Ne4 Qa5+ 6. Bd2 Qxe5 7. Ng3 Nf6 8. Nf3 Qd6 9. Qc2 Be7 10. 0-0-0 0-0 11. e3 c5 12. Bc3 Qa6 13. exd4 cxd4 14. Nxd4 Qxa2 15. Ndf5 Bxf5 16. Nxf5 Nc6 17. Nxe7+ Nxe7 18. Bd3 Ng6 19. b3 Qa6 20. Rhe1 Rfe8 21. Kb2 Rxe1 22. Rxe1 Qd6 23. g3 b5 24. cxb5 Nd5 25. Bc4 Nxc3 26. Qxc3 Kf8 27. Re3 Re8 28. Rxe8+ Kxe8 29. Qe3+ Qe5+ 30. Qxe5+ Nxe5 31. Be2 f5 32. Kc3 Ke7 33. Kb4 Kd6 34. Ka5 Kc7 35. Ka6 Kb8 36. b6 1-0

[Event "Odorheiu Secuiesc op"]
[Site "Odorheiu Secuiesc"]
[Date "1993.??.??"]
[Round "6"]
[White "Vlad, Decebal"]
[Black "Dovzik, Juri"]
[Result "0-1"]
[WhiteElo "2405"]
[BlackElo "2345"]
[PlyCount "70"]
[EventDate "1993.05.??"]
[EventType "swiss"]
[EventRounds "11"]
[EventCountry "ROU"]
[SourceTitle "TD"]
[Source "ChessBase"]
[SourceDate "1994.03.01"]
[SourceVersion "1"]
[SourceVersionDate "1994.03.01"]
[SourceQuality "1"]

1. e4 Nf6 2. e5 Nd5 3. d4 d6 4. c4 Nb6 5. exd6 cxd6 6. d5 N6d7 7. Nc3 g6 8. Bd3 Bg7 9. Nge2 0-0 10. 0-0 Ne5 11. b3 Nxd3 12. Qxd3 Nd7 13. Be3 Nf6 14. Bd4 Bf5 15. Qd2 a6 16. Ng3 Bd7 17. Nge4 b5 18. Nxf6+ exf6 19. c5 dxc5 20. Bxc5 Re8 21. d6 Bc6 22. Nd5 Re5 23. Nb4 Bxg2 24. Kxg2 Rxc5 25. Rac1 Rg5+ 26. Kh1 Bf8 27. Rfd1 a5 28. f4 Rh5 29. Nc6 Qd7 30. Qg2 Re8 31. Nxa5 Bxd6 32. Nb7 Re6 33. Nc5 Rxc5 34. Rxc5 Bxc5 35. Qa8+ Re8 0-1

[Event "Bucharest schev"]
[Site "Bucharest"]
[Date "1993.??.??"]
[Round "?"]
[White "Vlad, Decebal"]
[Black "Hristodorescu, Daniel"]
[Result "1-0"]
[WhiteElo "2405"]
[BlackElo "2335"]
[PlyCount "41"]
[EventDate "1993.??.??"]
[EventType "schev"]
[EventRounds "11"]
[EventCountry "ROU"]
[SourceTitle "EXT 1997"]
[Source "ChessBase"]
[SourceDate "1996.11.15"]
[SourceVersion "1"]
[SourceVersionDate "1996.11.15"]
[SourceQuality "1"]

1. e4 e5 2. Nf3 Nc6 3. Bc4 Bc5 4. c3 Qe7 5. 0-0 d6 6. b4 Bb6 7. a4 a6 8. d3 Nf6 9. Nbd2 0-0 10. Bb3 Kh8 11. Nc4 Ba7 12. b5 Nd8 13. Ba3 Nd7 14. d4 f6 15. Ne3 Qe8 16. Re1 Ne6 17. Nd5 axb5 18. axb5 Nb6 19. Bxd6 Nxd5 20. exd5 cxd6 21. dxe5 1-0

[Event "Bucharest schev"]
[Site "Bucharest"]
[Date "1993.??.??"]
[Round "?"]
[White "Vlad, Decebal"]
[Black "Kazakov, Mikhail"]
[Result "1/2-1/2"]
[WhiteElo "2405"]
[BlackElo "2265"]
[PlyCount "54"]
[EventDate "1993.??.??"]
[EventType "schev"]
[EventRounds "11"]
[EventCountry "ROU"]
[SourceTitle "EXT 1997"]
[Source "ChessBase"]
[SourceDate "1996.11.15"]
[SourceVersion "1"]
[SourceVersionDate "1996.11.15"]
[SourceQuality "1"]

1. e4 d6 2. d4 Nf6 3. Nc3 g6 4. f4 Bg7 5. Nf3 0-0 6. Be2 c5 7. dxc5 Qa5 8. 0-0 Qxc5+ 9. Kh1 Nbd7 10. Bd3 b6 11. Qe1 Bb7 12. Be3 Qc6 13. Qh4 Nc5 14. Nd4 Qc7 15. f5 Rad8 16. Rae1 a6 17. Bh6 Bh8 18. Bxf8 Rxf8 19. fxg6 hxg6 20. Nf3 Qd7 21. Nd5 Bxd5 22. exd5 Qg4 23. Qxg4 Nxg4 24. Rxe7 Bxb2 25. Rb1 Bf6 26. Ra7 b5 27. h3 Ne3 1/2-1/2

[Event "Tirgu Mures"]
[Site "Tirgu Mures"]
[Date "1992.??.??"]
[Round "?"]
[White "Cosma, Ioan"]
[Black "Vlad, Decebal"]
[Result "1-0"]
[WhiteElo "2400"]
[BlackElo "2410"]
[PlyCount "77"]
[EventDate "1992.??.??"]
[EventType "game"]
[EventRounds "1"]
[EventCountry "ROU"]
[SourceTitle "EXT 2010"]
[Source "ChessBase"]
[SourceDate "2010.11.25"]
[SourceVersion "1"]
[SourceVersionDate "2010.11.25"]
[SourceQuality "1"]

1. Nf3 Nf6 2. d4 g6 3. c4 Bg7 4. Nc3 d5 5. cxd5 Nxd5 6. e4 Nxc3 7. bxc3 0-0 8. Rb1 b6 9. Be2 Bb7 10. Qd3 Qd7 11. 0-0 Qc6 12. e5 Rd8 13. Qe3 Qe4 14. Ba3 c5 15. dxc5 Qxe3 16. fxe3 Bh6 17. Kf2 Nd7 18. Rfd1 Be4 19. Rb4 Bxf3 20. Bxf3 Nxe5 21. Rbd4 Rxd4 22. cxd4 Nxf3 23. Kxf3 Rc8 24. Rb1 e5 25. Ke4 f5+ 26. Kxe5 Bxe3 27. cxb6 axb6 28. Rxb6 Re8+ 29. Kd5 Ra8 30. Bd6 Rxa2 31. Be5 Ra8 32. Rb7 Rd8+ 33. Kc5 Re8 34. Kc6 Rc8+ 35. Kd7 Rc4 36. d5 Bd4 37. Bxd4 Rxd4 38. Ke6 Rd1 39. d6 1-0

[Event "Wch U20 30th"]
[Site "Mamaia"]
[Date "1991.??.??"]
[Round "?"]
[White "Delchev, Aleksander"]
[Black "Vlad, Decebal"]
[Result "1/2-1/2"]
[WhiteElo "2405"]
[BlackElo "2275"]
[PlyCount "53"]
[EventDate "1991.08.??"]
[EventType "swiss"]
[EventRounds "13"]
[EventCountry "ROU"]
[SourceTitle "CBM 025 Extra"]
[Source "ChessBase"]
[SourceDate "1992.01.01"]
[SourceVersion "1"]
[SourceVersionDate "1992.01.01"]
[SourceQuality "1"]

1. d4 Nf6 2. c4 g6 3. g3 Bg7 4. Bg2 d5 5. cxd5 Nxd5 6. Nf3 0-0 7. 0-0 Nb6 8. Nc3 Nc6 9. e3 Re8 10. Qe2 e5 11. Nxe5 Nxe5 12. dxe5 Bxe5 13. e4 Be6 14. Rd1 Qc8 15. Be3 c6 16. Rac1 Bh3 17. Bd4 Bxd4 18. Rxd4 Bxg2 19. Kxg2 Qc7 20. Rcd1 Rad8 21. Qd3 Rxd4 22. Qxd4 Re7 23. Qc5 Rd7 24. Rxd7 Qxd7 25. a4 Qd3 26. b3 Nd7 27. Qe7 1/2-1/2

[Event "Wch U20 30th"]
[Site "Mamaia"]
[Date "1991.??.??"]
[Round "?"]
[White "Livshits, Ron"]
[Black "Vlad, Decebal"]
[Result "1/2-1/2"]
[WhiteElo "2225"]
[BlackElo "2275"]
[PlyCount "132"]
[EventDate "1991.08.??"]
[EventType "swiss"]
[EventRounds "13"]
[EventCountry "ROU"]
[SourceTitle "EXT 2002"]
[Source "ChessBase"]
[SourceDate "2001.11.25"]
[SourceVersion "1"]
[SourceVersionDate "2001.11.25"]
[SourceQuality "1"]

1. e4 c5 2. Nf3 Nc6 3. d4 cxd4 4. Nxd4 e5 5. Nb5 d6 6. N1c3 a6 7. Na3 b5 8. Nd5 Nce7 9. c4 Nxd5 10. Qxd5 Be6 11. Qd1 bxc4 12. Bxc4 Nf6 13. 0-0 Be7 14. Bg5 0-0 15. Qe2 Qb6 16. Rfd1 Bg4 17. Qc2 Bxd1 18. Rxd1 Rab8 19. Bxf6 Bxf6 20. b3 a5 21. Bd5 a4 22. bxa4 Qb4 23. Nc4 Qc5 24. g3 Rfc8 25. Rb1 Bd8 26. Rb3 Rb4 27. Rxb4 Qxb4 28. Qb3 Rb8 29. Kg2 Qxb3 30. axb3 Rxb3 31. Nxd6 Rd3 32. Bxf7+ Kf8 33. Bd5 Rd4 34. Nc4 Ke7 35. Kf3 Bc7 36. Kg4 Rd1 37. Ne3 Ra1 38. Bc6 Ra2 39. Kf3 Kd6 40. Bb5 g6 41. h4 Kc5 42. Ng4 Kd4 43. Bc6 Ba5 44. Nf6 Be1 45. Nxh7 Rxf2+ 46. Kg4 Rg2 47. Kg5 Rxg3+ 48. Kh6 Bb4 49. Ng5 Kc5 50. Bd7 Kd6 51. Bc8 Ra3 52. Kxg6 Rxa4 53. h5 Bd2 54. h6 Ra8 55. Nf7+ Ke7 56. Bb7 Rg8+ 57. Kh7 Kxf7 58. Bd5+ Kf8 59. Bxg8 Bxh6 60. Kxh6 Kxg8 61. Kg6 Kf8 62. Kf6 Ke8 63. Kxe5 Ke7 64. Kd5 Kd7 65. e5 Ke7 66. e6 Ke8 1/2-1/2

[Event "Wch U20 30th"]
[Site "Mamaia"]
[Date "1991.??.??"]
[Round "?"]
[White "Vlad, Decebal"]
[Black "Bezold, Michael"]
[Result "1/2-1/2"]
[WhiteElo "2275"]
[BlackElo "2355"]
[PlyCount "129"]
[EventDate "1991.08.??"]
[EventType "swiss"]
[EventRounds "13"]
[EventCountry "ROU"]
[SourceTitle "CBM 025 Extra"]
[Source "ChessBase"]
[SourceDate "1992.01.01"]
[SourceVersion "1"]
[SourceVersionDate "1992.01.01"]
[SourceQuality "1"]

1. e4 Nc6 2. Nf3 d6 3. d4 Nf6 4. Nc3 Bg4 5. Be3 e6 6. Be2 Be7 7. 0-0 0-0 8. h3 Bh5 9. d5 exd5 10. exd5 Bxf3 11. Bxf3 Ne5 12. Be2 c5 13. dxc6 bxc6 14. f4 Ng6 15. Qd3 d5 16. Bf3 Qb8 17. b3 Rd8 18. Ne2 Nh4 19. Bd4 Nxf3+ 20. Qxf3 Ne4 21. Ng3 Nxg3 22. Qxg3 Bf8 23. Rae1 Re8 24. Rxe8 Qxe8 25. f5 Qe4 26. Bxg7 Bxg7 27. f6 Qg6 28. Qxg6 fxg6 29. fxg7 Kxg7 30. Rf4 Rc8 31. Kf2 g5 32. Ra4 Rc7 33. Ke3 Re7+ 34. Kd3 c5 35. Ra5 Rc7 36. Ra6 h5 37. Rd6 c4+ 38. Kd2 cxb3 39. axb3 Rf7 40. Ke3 Rf1 41. Rxd5 Kg6 42. Rd6+ Kf5 43. Ra6 Re1+ 44. Kd2 Rg1 45. g4+ hxg4 46. hxg4+ Rxg4 47. Rxa7 Rd4+ 48. Ke3 Re4+ 49. Kd3 Re8 50. Ra1 g4 51. Rf1+ Kg5 52. c4 g3 53. c5 Rg8 54. Kc4 g2 55. Rg1 Kf6 56. Kd5 Ke7 57. Kc6 Kd8 58. b4 Kc8 59. Kb6 Kb8 60. b5 Rg6+ 61. c6 Rg3 62. Kc5 Rg5+ 63. Kd6 Rg7 64. Ke5 Kc7 65. Kf4 1/2-1/2